000 00421nab a22001097u 4500
008 130520b2007 xxu||||| |||| 00| 0 spa d
041 _aspa
100 1 _aGonzález Radio, Vicente
_969793
245 0 0 _aLa poesía religiosa española en la década de los cuarenta. Especial referencia a Blas de Otero
_cVicente González Radio
773 0 _tCompostellanum
_gV.52, nº1-2,2007,págs. 211-232
_x0573-2018
_wRev130
942 _cAR
999 _c381528
_d381528